Návrh riadiaceho systému kotolne bytového domu
Guardado en:
| Autor principal: | |
|---|---|
| Otros Autores: | |
| Formato: | Manuscrito Libro |
| Lenguaje: | eslovaco |
| Publicado: |
2016
|
| Materias: | |
| Acceso en línea: | http://is.stuba.sk/zp/portal_zp.pl?podrobnosti=121553 |
| Etiquetas: |
Sin Etiquetas, Sea el primero en etiquetar este registro!
|
MARC
| LEADER | 00000ntm a22000003a 4500 | ||
|---|---|---|---|
| 001 | stuzp55311 | ||
| 003 | SK-STU | ||
| 005 | 20160719154733.8 | ||
| 007 | ta | ||
| 008 | 150427s2015----xo-----f-mn---000-0-slo-d | ||
| 040 | |a STU |b slo | ||
| 041 | 0 | |a slo | |
| 100 | 1 | |a Pajta, Marek |u 066000 |k Z4 |4 aut |U MTF Materiálovotechnologická fakulta |T MTF Ústav aplikovanej informatiky, automatizácie a mechatroniky |X 46308 |U M6000 |Y 86 |7 A000046308 | |
| 242 | 0 | 1 | |a Design of control system for flat house |y eng |
| 245 | 1 | 0 | |a Návrh riadiaceho systému kotolne bytového domu |
| 260 | |c 2016 | ||
| 650 | 4 | |a regulácia |2 slo | |
| 650 | 4 | |a AMiNi |2 slo | |
| 650 | 4 | |a riadiaci systém |2 slo | |
| 650 | 4 | |a HMI |2 slo | |
| 650 | 4 | |a regulation |2 eng | |
| 650 | 4 | |a AMiNi |2 eng | |
| 650 | 4 | |a control system |2 eng | |
| 650 | 4 | |a HMI |2 eng | |
| 700 | 1 | |a Bezák, Tomáš |u 066000 |k Z1 |4 ths |U MTF Materiálovotechnologická fakulta |T MTF Ústav aplikovanej informatiky, automatizácie a mechatroniky |X 4614 |U M6000 |Y 86 |7 A000004614 | |
| 856 | 4 | |u http://is.stuba.sk/zp/portal_zp.pl?podrobnosti=121553 | |
| 996 | |c M* DP-12976 |l MMSKP |s P |a 0 |w stuzp55311_0001 | ||
| SQL | |a stuzp55311 |b DDP |c SLO |d Návrh riadiaceho systému kotolne bytového domu |e 46308 |f Pajta, Marek |g 066000 |h 4614 |i Bezák, Tomáš |j 20160601 |k 965 |l 06 |m http://is.stuba.sk/zp/portal_zp.pl?podrobnosti=121553 |n I-AIPP |o 5.2.14. automatizácia | ||